Leyendas y cuentos populares españoles

Збережено в:
Бібліографічні деталі
Автор: Manrique de Lara, G. (autor)
Формат: Книга
Мова:Іспанська
Опубліковано: Barcelona Bruguera 1971
Предмети:
Теги: Додати тег
Немає тегів, Будьте першим, хто поставить тег для цього запису!

MARC

LEADER 00000nam a2200000 a 4500
001 UCR8185
003 CL-VaPUC
008 980520e19710000SP |||||||||||||||||spa|d
082 0 4 |a 863  |b MAN  |2 21 
100 |a Manrique de Lara, G.  |e autor  |9 409862 
245 1 0 |a Leyendas y cuentos populares españoles 
300 |a 223 p 
942 |c BK 
945 |d 19980520 00:00:00  |a mvenant 
260 |a Barcelona  |b Bruguera  |c 1971 
650 0 |a Leyendas españolas  |9 347160 
650 0 |a Cuentos españoles  |9 267960 
583 |a last modification  |c 19980520 00:00:00  |k Rodrigo Vera 
999 |c 269713  |d 269711 
952 |0 0  |1 0  |4 0  |6 863_000000000000000_MAN_1971  |7 0  |8 X  |9 303580  |a FDOMLP  |b FDOMLP  |d 2019-11-20  |i 3425614  |o 863 MAN 1971  |p 3425614  |r 2019-11-20  |w 2019-11-20  |y BK_X  |k BU2